Muslim women and higher education : a case for separate institutions for women

Bibliographic Details
Main Author: Ahmad, Anis (Author)
Format: Book
Published: Islamabad, Pakistan : Institute of Policy Studies , c1982
Edition:2nd rev. ed.
Subjects:

MARC

LEADER 00000cam a2200000 7i4500
001 0000007345
005 20021119093000.0
008 021119n
090 0 0 |a LC1605   |b .A54 1984 
100 0 |a Ahmad, Anis ,   |e author 
245 0 0 |a Muslim women and higher education :   |b a case for separate institutions for women   |c Anis Ahmad 
250 |a 2nd rev. ed. 
260 2 |a Islamabad, Pakistan :   |b Institute of Policy Studies ,   |c c1982 
300 |a 95 p. ; ;   |c 23 cm. 
504 |a Includes bibliographies (p. 89-95) 
650 0 |a Muslim women   |x Education 
999 |a 1000032828   |b Book   |c OPEN SHELF (30 DAYS)   |e Gong Badak Campus